000 00697nam a2200205 i 4500
001 60161
003 ES-MaACL
005 20260305063018.0
007 t|
008 031103s1959 fr ||||1| fre d
100 1 _aErnout, Alfred,
_d1879-1973
_947416
245 1 0 _aDictionnaire ètymologique de la langue latine
_b: histoire des mots /
_cpar A. Ernout et A. Meillet.
250 _a4eme ed.
260 _aParís :
_bKlincksieck,
_c1959 (
_fNogent le rotron)
300 _aXVIII, 400 p. ;
_c28 cm.
650 4 _aLengua latina-
_xEtimología-
_vDiccionarios.
_9167531
700 1 _aMeillet, Antoine (
_d1866-1936)
_979843
852 _aES-MaACL
_jP-693
_bR.45122
999 _c60161
_d60161